| 000 | 00675nam a22002177a 4500 | ||
|---|---|---|---|
| 005 | 20230228143505.0 | ||
| 008 | 230228b |||||||| |||| 00| 0 eng d | ||
| 020 |
_a9788125064220 _cRs.425.00 |
||
| 040 | _aLoreto college | ||
| 041 | _aEnglish | ||
| 082 |
_a891.4 _bUMA |
||
| 245 |
_aEnglish in the Dalit context _cedited by Alladi Uma, K. Suneetha Rani and D. Murali Manohar |
||
| 260 |
_aHyderabad _bOrient Blackswan _c2014 |
||
| 300 |
_a182p.. _b22cm. |
||
| 650 | _aDalits in literature | ||
| 700 |
_4ed. _a Uma, Alladi and D. Murali Manohar |
||
| 700 |
_4ed. _a Rani , K. Suneetha |
||
| 700 |
_4ed. _aManohar, D. Murali |
||
| 850 |
_aLCLIB _bDLIT |
||
| 942 | _cBK | ||
| 999 |
_c43266 _d93745 |
||